000 01019nam a2200253 a 4500
001 39194
003 BD-RjUL
005 20240313135300.0
008 160405r20121997bg ||||e |||| 00| 0 ben d
020 _a9789845061643
_c : Tk. 300.00
035 _a(BD-RjUL)39306
040 _aBD-RjUL
_bben
_cBD-RjUL
041 _aben
082 _223
_a297
_bGUI 2012
100 1 _aগিয়োম, আলফ্রেড
_9120290
245 1 0 _aইসলাম /
_cআলফ্রেড গিয়োম ; মোজাফফর হোসেন অনূদিত
250 _a১ম বাংলা সং.১৯৯৭
260 _aঢাকা :
_bদি ইউনিভার্সিটি প্রেস লিমিটেড ,
_c১৯৯৭ [মুদ্রণ ২০১২]২০১৭
300 _ax, ১৪৮ পৃ. ;
_c২২ সেমি.
650 _aইসলাম
_9120893
650 _aIslam
_9120920
700 _aহোসেন, মোজাফফর, অনূবাদক
_912291
942 _2ddc
_cBK
999 _c39194
_d39194